000
00340pab a2200145 454500
008
180718b1985 xxu||||| |||| 00| 0 eng d
100
_a
Hyatt, Peter
245
_a
Local government - the challenge
260
_c
1985
300
_a
8-12
362
_a
Sept.
650
_a
Local Government
773
_a
Management Services
909
_a
12690
999
_c
12690
_d
12690